Landwirtschaft - Statistisches Jahrbuch daten 1991-2000
Salvato in:
| Ente Autore: | |
|---|---|
| Natura: | Libro |
| Lingua: | tedesco inglese francese |
| Pubblicazione: |
Luxembourg
Office des publications officielles des Communautés européennes
2002
|
| Serie: | Themenkreis 5 : Landwirtschaft und Fischerei
|
| Soggetti: | |
| Tags: |
Nessun Tag, puoi essere il primo ad aggiungerne!!
|
MARC
| LEADER | 00000nam a2200000 4500 | ||
|---|---|---|---|
| 001 | c134144 | ||
| 005 | 20240104114641.3 | ||
| 020 | |a 92-828-6740-4 | ||
| 022 | |a 1681-4711 | ||
| 041 | 0 | |a ger | |
| 041 | 0 | |a eng | |
| 041 | 0 | |a fre | |
| 044 | |a LU | ||
| 245 | 1 | 0 | |a Landwirtschaft - Statistisches Jahrbuch |b daten 1991-2000 |
| 264 | 1 | |a Luxembourg |b Office des publications officielles des Communautés européennes |c 2002 | |
| 300 | |a 204 s. | ||
| 490 | 1 | |a Themenkreis 5 : Landwirtschaft und Fischerei | |
| 830 | 0 | |a Themenkreis 5 : Landwirtschaft und Fischerei | |
| 610 | 2 | 0 | |a údaje štatistické |
| 610 | 2 | 0 | |a porovnanie štatistické medzinárodné |
| 610 | 2 | 0 | |a poľnohospodárstvo |
| 610 | 2 | 0 | |a pôda poľnohospodárska |
| 610 | 2 | 0 | |a výroba rastlinná |
| 610 | 2 | 0 | |a výroba živočíšna |
| 610 | 2 | 0 | |a podnik poľnohospodársky |
| 610 | 2 | 0 | |a ceny |
| 610 | 2 | 0 | |a lesníctvo |
| 610 | 2 | 0 | |a rybolov |
| 610 | 2 | 0 | |a obchod zahraničný |
| 610 | 2 | 0 | |a Európa |
| 710 | 2 | |a Eurostat | |